|
|
|
|
| LEADER |
01553nam a2200373 i 4500 |
| 001 |
EBC5216748 |
| 003 |
MiAaPQ |
| 005 |
20200520144314.0 |
| 006 |
m o d | |
| 007 |
cr cnu|||||||| |
| 008 |
180529s2012 gw a o 000 0 ger d |
| 020 |
|
|
|z 9783832530891
|
| 020 |
|
|
|a 9783832597108
|q (electronic bk.)
|
| 035 |
|
|
|a (MiAaPQ)EBC5216748
|
| 035 |
|
|
|a (Au-PeEL)EBL5216748
|
| 035 |
|
|
|a (CaPaEBR)ebr11539397
|
| 035 |
|
|
|a (OCoLC)1021810219
|
| 040 |
|
|
|a MiAaPQ
|b eng
|e rda
|e pn
|c MiAaPQ
|d MiAaPQ
|
| 050 |
|
4 |
|a HF1106
|b .C374 2012
|
| 082 |
0 |
|
|a 650.0711
|2 23
|
| 245 |
0 |
0 |
|a Case-study-guide :
|b Grundlagen - Anschauungsbeispiele - Hinweise fur Seminararbeiten /
|c Akca N. [and three others] (Hrsg.).
|
| 264 |
|
1 |
|a Berlin :
|b Logos,
|c 2012.
|
| 300 |
|
|
|a 1 online resource (iv, 563 pages) :
|b illustrations
|
| 336 |
|
|
|a text
|b txt
|2 rdacontent
|
| 337 |
|
|
|a computer
|b c
|2 rdamedia
|
| 338 |
|
|
|a online resource
|b cr
|2 rdacarrier
|
| 588 |
|
|
|a Description based on print version record.
|
| 590 |
|
|
|a Electronic reproduction. Ann Arbor, MI : ProQuest, 2018. Available via World Wide Web. Access may be limited to ProQuest affiliated libraries.
|
| 650 |
|
0 |
|a Business education.
|
| 655 |
|
4 |
|a Electronic books.
|
| 700 |
1 |
|
|a Akca, Naciye,
|e editor.
|
| 776 |
0 |
8 |
|i Print version:
|t Case-study-guide : Grundlagen - Anschauungsbeispiele - Hinweise fur Seminararbeiten.
|d Berlin : Logos, 2012
|h iv, 563 pages
|z 9783832530891
|
| 797 |
2 |
|
|a ProQuest (Firm)
|
| 856 |
4 |
0 |
|u https://ebookcentral.proquest.com/lib/matrademy/detail.action?docID=5216748
|z Click to View
|